Miasta z największą liczbą ludności w Norwegii - Statystyki

Ogólne statystyki
  • Ten quiz został rozwiązany 129 razy
  • Średni wynik to 3 z 5
Statystyki odpowiedzi
Miejsce Miasto Ludność % Poprawnych
1 Oslo 580 000
100%
2 Bergen 213 585
77%
3 Trondheim 147 139
73%
4 Stavanger 121 610
49%
5 Drammen 90 722
16%
Nie znaleziono quizów pasujących do podanych kryteriów
Rozkład punktacji
Procent ludzi z każdym wynikiem
Percentyl według liczby udzielonych odpowiedzi
Twoja historia wyników
Nie rozwiązałeś tego quizu